[Event "Muensterland Verbandsklasse 1415"]
[Site "Germany"]
[Date "2015.01.10"]
[Round "5.6"]
[White "Silies, Juergen"]
[Black "Overesch, Dieter"]
[Result "1/2-1/2"]
[WhiteElo "1752"]
[BlackElo "1672"]
[PlyCount "33"]
[EventDate "2014.09.13"]
[EventType "team-tourn"]
[EventRounds "9"]
[EventCountry "GER"]
[SourceTitle "EXT 2016"]
[Source "ChessBase"]
[SourceDate "2015.10.08"]
[SourceVersion "1"]
[SourceVersionDate "2015.10.08"]
[SourceQuality "1"]
[WhiteTeam "Ibbenbueren"]
[BlackTeam "Nordwalde"]
[WhiteTeamCountry "GER"]
[BlackTeamCountry "GER"]

1. f4 Nf6 2. b3 g6 3. Bb2 Bg7 4. e4 d6 5. Nf3 0-0 6. d3 c5 7. c4 Nc6 8. Be2 Bg4 9. 0-0 a6 10. Nc3 Bxf3 11. Bxf3 e6 12. Ne2 Qc7 13. Rb1 Rad8 14. a3 b5 15. Qc2 Qb6 16. Kh1 b4 17. a4 1/2-1/2

[Event "Muensterland Verbandsklasse 1314"]
[Site "Germany"]
[Date "2014.03.08"]
[Round "7.4"]
[White "Overesch, Dieter"]
[Black "Tietz, Eric"]
[Result "0-1"]
[WhiteElo "1657"]
[BlackElo "1909"]
[PlyCount "58"]
[EventDate "2013.09.21"]
[EventType "team-tourn"]
[EventRounds "9"]
[EventCountry "GER"]
[SourceTitle "EXT 2015"]
[Source "ChessBase"]
[SourceDate "2014.11.20"]
[SourceVersion "1"]
[SourceVersionDate "2014.11.20"]
[SourceQuality "1"]
[WhiteTeam "Nordwalde"]
[BlackTeam "Muenster SK IV"]
[WhiteTeamCountry "GER"]
[BlackTeamCountry "GER"]

1. d4 d5 2. Nf3 e6 3. e3 Nf6 4. Bd3 Bd6 5. Nbd2 0-0 6. 0-0 Nbd7 7. e4 e5 8. Re1 Re8 9. exd5 exd4 10. Ne4 Nxd5 11. Nxd6 cxd6 12. Be4 N5f6 13. Qxd4 Nc5 14. Bd3 Nxd3 15. Qxd3 Rxe1+ 16. Nxe1 h6 17. Bf4 d5 18. Be5 Be6 19. Qd4 Nd7 20. Bxg7 Qg5 21. Bh8 f6 22. Nf3 Qg6 23. Re1 Kf7 24. Qe3 Re8 25. Nd4 Nf8 26. Nb5 Kg8 27. Nd6 Re7 28. Nc8 Re8 29. Nd6 Bh3 0-1

[Event "Muensterland Verbandsklasse 1314"]
[Site "Germany"]
[Date "2013.10.12"]
[Round "2.6"]
[White "Soebbing, Ulrich"]
[Black "Overesch, Dieter"]
[Result "0-1"]
[WhiteElo "1581"]
[BlackElo "1657"]
[PlyCount "88"]
[EventDate "2013.09.21"]
[EventType "team-tourn"]
[EventRounds "9"]
[EventCountry "GER"]
[SourceTitle "EXT 2015"]
[Source "ChessBase"]
[SourceDate "2014.11.20"]
[SourceVersion "1"]
[SourceVersionDate "2014.11.20"]
[SourceQuality "1"]
[WhiteTeam "Stadtlohn"]
[BlackTeam "Nordwalde"]
[WhiteTeamCountry "GER"]
[BlackTeamCountry "GER"]

1. d4 d6 2. c4 e5 3. dxe5 dxe5 4. Qxd8+ Kxd8 5. Nc3 c6 6. Nf3 f6 7. e4 Be6 8. Bd3 Nd7 9. 0-0 Kc7 10. Be3 Bc5 11. Bxc5 Nxc5 12. Be2 a5 13. b3 Ne7 14. Rfd1 Ng6 15. g3 h5 16. h4 Nf8 17. Ne1 Bf7 18. Nd3 Nfe6 19. Nxc5 Nxc5 20. f3 Ne6 21. Kf2 Nd4 22. Bd3 Rhd8 23. Ne2 Kb6 24. Nxd4 Rxd4 25. Be2 Rad8 26. Rxd4 Rxd4 27. Rd1 Kc5 28. Ke3 Rxd1 29. Bxd1 a4 30. Kd3 axb3 31. axb3 Kb4 32. f4 b5 33. cxb5 cxb5 34. f5 Bxb3 35. Bxh5 Bc4+ 36. Kc2 Kc5 37. Bf3 Kd4 38. g4 Bd3+ 39. Kb3 Bxe4 40. Be2 Ke3 41. Bxb5 Kf4 42. Be2 Bf3 43. Bxf3 Kxf3 44. g5 Kg4 0-1

[Event "Muensterland Verbandsklasse 1314"]
[Site "Germany"]
[Date "2013.09.21"]
[Round "1.6"]
[White "Overesch, Dieter"]
[Black "Morrien, Rolf"]
[Result "1/2-1/2"]
[WhiteElo "1657"]
[BlackElo "1672"]
[PlyCount "43"]
[EventDate "2013.09.21"]
[EventType "team-tourn"]
[EventRounds "9"]
[EventCountry "GER"]
[SourceTitle "EXT 2015"]
[Source "ChessBase"]
[SourceDate "2014.11.20"]
[SourceVersion "1"]
[SourceVersionDate "2014.11.20"]
[SourceQuality "1"]
[WhiteTeam "Nordwalde"]
[BlackTeam "Metelen"]
[WhiteTeamCountry "GER"]
[BlackTeamCountry "GER"]

1. Nf3 f5 2. d4 Nf6 3. c4 e6 4. d5 d6 5. dxe6 Bxe6 6. Nc3 Nc6 7. e3 Be7 8. Be2 Nd7 9. b3 Bf6 10. Bb2 0-0 11. 0-0 Nde5 12. Qd2 g6 13. Nd5 Bg7 14. Nf4 Bf7 15. Nd4 Qe8 16. Nxc6 Qxc6 17. Rac1 Qe8 18. Rfd1 Qe7 19. Nd5 Qd7 20. Nf4 Qe7 21. Nd5 Qd7 22. Nb4 1/2-1/2

[Event "Steinfurt Bezirksliga 1213"]
[Site "Germany"]
[Date "2013.05.04"]
[Round "9.7"]
[White "Schreck, Uwe"]
[Black "Overesch, Dieter"]
[Result "1-0"]
[WhiteElo "1385"]
[BlackElo "1667"]
[PlyCount "69"]
[EventDate "2012.09.22"]
[EventType "team-tourn"]
[EventRounds "9"]
[EventCountry "GER"]
[SourceTitle "EXT 2015"]
[Source "ChessBase"]
[SourceDate "2014.11.20"]
[SourceVersion "1"]
[SourceVersionDate "2014.11.20"]
[SourceQuality "1"]
[WhiteTeam "Ibbenbueren II"]
[BlackTeam "Nordwalde"]
[WhiteTeamCountry "GER"]
[BlackTeamCountry "GER"]

1. c4 d6 2. Nc3 e5 3. d3 Nf6 4. Bg5 Be7 5. g3 0-0 6. Bg2 c6 7. Nf3 Nbd7 8. 0-0 h6 9. Bxf6 Bxf6 10. Rc1 a5 11. a3 Re8 12. b4 Nf8 13. Nd2 Be7 14. Rb1 axb4 15. axb4 Be6 16. b5 d5 17. bxc6 bxc6 18. cxd5 cxd5 19. Rb5 Ra5 20. Qb1 Bf6 21. Nxd5 Bg5 22. Nc4 Ra7 23. Nde3 Bxc4 24. Nxc4 Bf6 25. Rd5 Rd7 26. Qb5 Rxd5 27. Qxd5 Ne6 28. Nd6 Rf8 29. Rc1 Nd4 30. Rc8 Qe7 31. Rxf8+ Qxf8 32. e3 Ne2+ 33. Kf1 Nc1 34. Be4 g6 35. Bxg6 1-0

[Event "Steinfurt Bezirksliga 1213"]
[Site "Germany"]
[Date "2012.09.22"]
[Round "1.6"]
[White "Beeger, Kai"]
[Black "Overesch, Dieter"]
[Result "0-1"]
[WhiteElo "1243"]
[BlackElo "1667"]
[PlyCount "70"]
[EventDate "2012.09.22"]
[EventType "team-tourn"]
[EventRounds "9"]
[EventCountry "GER"]
[SourceTitle "EXT 2015"]
[Source "ChessBase"]
[SourceDate "2014.11.20"]
[SourceVersion "1"]
[SourceVersionDate "2014.11.20"]
[SourceQuality "1"]
[WhiteTeam "Westerkappeln"]
[BlackTeam "Nordwalde"]
[WhiteTeamCountry "GER"]
[BlackTeamCountry "GER"]

1. Nf3 Nf6 2. g3 d6 3. Bg2 e5 4. d3 Be7 5. c4 0-0 6. Nc3 c6 7. e4 a5 8. a4 Na6 9. 0-0 Bg4 10. Bg5 Nc5 11. Qc2 Nfd7 12. Bxe7 Qxe7 13. Rfe1 Ne6 14. Ne2 Qf6 15. Nh4 Bxe2 16. Qxe2 Nd4 17. Qd1 Nc5 18. Ra3 Ra6 19. Nf3 Nxf3+ 20. Qxf3 Qe7 21. Rb1 Rb6 22. b3 Ne6 23. Qe3 Rb4 24. Bf3 Nd4 25. Bd1 g6 26. f4 f5 27. Ra2 Kg7 28. Rf2 c5 29. Rbb2 exf4 30. Rxf4 Qe5 31. Kg2 Ne6 32. Rff2 f4 33. Qe2 f3+ 34. Rxf3 Rxf3 35. Kxf3 Nd4+ 0-1

[Event "Muensterland Verbandsklasse-B 1112"]
[Site "Germany"]
[Date "2012.02.11"]
[Round "6.6"]
[White "Overesch, Dieter"]
[Black "Sicking, Andreas"]
[Result "0-1"]
[WhiteElo "1714"]
[BlackElo "1648"]
[PlyCount "64"]
[EventDate "2011.09.17"]
[EventType "team-tourn"]
[EventRounds "9"]
[EventCountry "GER"]
[SourceTitle "EXT 2013"]
[Source "ChessBase"]
[SourceDate "2012.11.22"]
[SourceVersion "1"]
[SourceVersionDate "2012.11.22"]
[SourceQuality "1"]
[WhiteTeam "Nordwalde"]
[BlackTeam "Heiden II"]
[WhiteTeamCountry "GER"]
[BlackTeamCountry "GER"]

1. d4 b6 2. Nf3 Bb7 3. Bf4 e6 4. Nbd2 c5 5. e3 cxd4 6. exd4 Nf6 7. Bd3 Be7 8. 0-0 0-0 9. Re1 Nd5 10. Bg3 f5 11. Bxb8 Rxb8 12. Nc4 b5 13. Ncd2 a6 14. c4 bxc4 15. Nxc4 g5 16. Bf1 g4 17. Nfe5 Nf6 18. Rc1 Bb4 19. Re3 d6 20. Nd3 Bd5 21. Nf4 Ne4 22. Rb3 Qg5 23. g3 Qf6 24. Bg2 Rfc8 25. a3 Rxc4 26. Rxc4 Bxc4 27. Rxb4 Rxb4 28. axb4 e5 29. dxe5 Qxe5 30. Bxe4 Qxe4 31. Qxd6 Qe1+ 32. Kg2 Bf1+ 0-1

[Event "Muensterland Verbandsklasse-B 1112"]
[Site "Germany"]
[Date "2011.11.12"]
[Round "3.7"]
[White "Sobel, Meinhard"]
[Black "Overesch, Dieter"]
[Result "1-0"]
[WhiteElo "1618"]
[BlackElo "1714"]
[PlyCount "131"]
[EventDate "2011.09.17"]
[EventType "team-tourn"]
[EventRounds "9"]
[EventCountry "GER"]
[SourceTitle "EXT 2013"]
[Source "ChessBase"]
[SourceDate "2012.11.22"]
[SourceVersion "1"]
[SourceVersionDate "2012.11.22"]
[SourceQuality "1"]
[WhiteTeam "Muenster IV"]
[BlackTeam "Nordwalde"]
[WhiteTeamCountry "GER"]
[BlackTeamCountry "GER"]

1. e4 c6 2. d4 d5 3. Nc3 dxe4 4. Nxe4 Bf5 5. Ng3 Bg6 6. Nf3 Nd7 7. Bd3 e6 8. 0-0 Ngf6 9. Re1 Be7 10. c4 0-0 11. Bxg6 hxg6 12. Bf4 a5 13. b3 Qb6 14. Re2 Rfd8 15. Qc2 Rac8 16. h3 Qa6 17. a4 Nf8 18. Rd1 Bb4 19. Ne4 Nxe4 20. Rxe4 Nd7 21. Ng5 Re8 22. Qe2 Nf6 23. Re3 c5 24. Be5 cxd4 25. Bxd4 Bc5 26. Red3 Bxd4 27. Rxd4 Qb6 28. Qd3 Qc5 29. Nf3 e5 30. Rd5 Nxd5 31. Qxd5 Qc7 32. Re1 Rcd8 33. Qe4 Qd7 34. Nxe5 Qf5 35. Qxf5 gxf5 36. Re3 f6 37. Nf3 Rxe3 38. fxe3 Rd3 39. Nd4 Rxe3 40. Nxf5 Rxb3 41. Ne7+ Kf7 42. Nf5 Rb4 43. Nd6+ Ke6 44. Ne8 g5 45. Nc7+ Kf5 46. g4+ Kg6 47. Kf2 Rxa4 48. Ke3 Rb4 49. Nb5 b6 50. Kd3 Rb1 51. Nd6 Rb3+ 52. Kc2 Rxh3 53. Nc8 Rg3 54. Nxb6 Rxg4 55. Kb3 Rg1 56. Ka4 g4 57. Kxa5 Rc1 58. Kb5 g3 59. Nd5 g2 60. Nf4+ Kg5 61. Nxg2 Kg4 62. c5 Kf3 63. Nh4+ Ke4 64. Ng6 Kd5 65. Nf4+ Ke5 66. Nd3+ 1-0

[Event "Muensterland Verbandsklasse-B 1112"]
[Site "Germany"]
[Date "2011.10.08"]
[Round "2.5"]
[White "Overesch, Dieter"]
[Black "Schlitter, Klaus"]
[Result "1/2-1/2"]
[WhiteElo "1714"]
[BlackElo "1756"]
[PlyCount "84"]
[EventDate "2011.09.17"]
[EventType "team-tourn"]
[EventRounds "9"]
[EventCountry "GER"]
[SourceTitle "EXT 2013"]
[Source "ChessBase"]
[SourceDate "2012.11.22"]
[SourceVersion "1"]
[SourceVersionDate "2012.11.22"]
[SourceQuality "1"]
[WhiteTeam "Nordwalde"]
[BlackTeam "Steinfurt"]
[WhiteTeamCountry "GER"]
[BlackTeamCountry "GER"]

1. d4 Nf6 2. Nf3 g6 3. Bg5 Bg7 4. Nbd2 d5 5. e3 0-0 6. Be2 b6 7. c4 c6 8. 0-0 Ba6 9. Rc1 Nbd7 10. b4 b5 11. c5 Bb7 12. Nb3 a6 13. Na5 Rb8 14. Bf4 Ne4 15. Bxb8 Qxb8 16. g3 Ba8 17. Kg2 e5 18. dxe5 Nxe5 19. Nd4 Qc7 20. f4 Nc4 21. Bxc4 dxc4 22. Qc2 Nxc5 23. bxc5 Qxa5 24. Rf2 Qa3 25. Re2 Qxc5 26. Nf3 Qe7 27. e4 c5 28. e5 Rd8 29. Re3 Rd7 30. Kf2 Qd8 31. Qe2 Rd3 32. Re1 Qd5 33. Rc1 b4 34. Re1 Bf8 35. e6 fxe6 36. Rxd3 cxd3 37. Qxe6+ Qxe6 38. Rxe6 c4 39. Ne5 Bc5+ 40. Ke1 Bd5 41. Rxa6 Be3 42. Ra5 d2+ 1/2-1/2

[Event "Muensterland Verbandsklasse-B 1011"]
[Site "Germany"]
[Date "2011.01.29"]
[Round "6.5"]
[White "Junker, Axel"]
[Black "Overesch, Dieter"]
[Result "1/2-1/2"]
[WhiteElo "1771"]
[BlackElo "1768"]
[PlyCount "99"]
[EventDate "2010.09.18"]
[EventType "team-tourn"]
[EventRounds "9"]
[EventCountry "GER"]
[SourceTitle "EXT 2012"]
[Source "ChessBase"]
[SourceDate "2011.11.24"]
[SourceVersion "1"]
[SourceVersionDate "2011.11.24"]
[SourceQuality "1"]
[WhiteTeam "Telgte"]
[BlackTeam "Nordwalde"]
[WhiteTeamCountry "GER"]
[BlackTeamCountry "GER"]

1. c4 Nf6 2. Nc3 d6 3. g3 e5 4. Bg2 g6 5. Nf3 Bg7 6. 0-0 Nc6 7. Rb1 a5 8. a3 0-0 9. b4 axb4 10. axb4 Re8 11. b5 Nd4 12. d3 Bd7 13. e3 Nf5 14. Qb3 c6 15. Ng5 h6 16. Nge4 Nxe4 17. dxe4 Ne7 18. Qb4 Nc8 19. Rd1 Bf8 20. bxc6 Bxc6 21. Nd5 Bg7 22. Bd2 Ne7 23. Nb6 Ra6 24. Bc3 Nc8 25. Nd5 Ra4 26. Qb3 Ne7 27. Nb6 Ra6 28. c5 Nc8 29. Nxc8 Qxc8 30. cxd6 Ba4 31. d7 Bxd7 32. Qxb7 Qxb7 33. Rxb7 Be6 34. Rdb1 Rc6 35. Be1 Rec8 36. Rb8 Rxb8 37. Rxb8+ Kh7 38. Rb1 Rc2 39. h3 Bc4 40. Bf1 Ba2 41. Ra1 Be6 42. Bd3 Rb2 43. Kg2 Rb3 44. Rd1 h5 45. f4 Rb2+ 46. Rd2 Rb3 47. f5 gxf5 48. exf5 Bd5+ 49. e4 Bh6 50. Re2 1/2-1/2

[Event "Muensterland Verbandsklasse-B 1011"]
[Site "Germany"]
[Date "2010.12.11"]
[Round "4.4"]
[White "Broemmel, Chris"]
[Black "Overesch, Dieter"]
[Result "1-0"]
[WhiteElo "1824"]
[BlackElo "1768"]
[PlyCount "109"]
[EventDate "2010.09.18"]
[EventType "team-tourn"]
[EventRounds "9"]
[EventCountry "GER"]
[SourceTitle "EXT 2012"]
[Source "ChessBase"]
[SourceDate "2011.11.24"]
[SourceVersion "1"]
[SourceVersionDate "2011.11.24"]
[SourceQuality "1"]
[WhiteTeam "Raesfeld Erle"]
[BlackTeam "Nordwalde"]
[WhiteTeamCountry "GER"]
[BlackTeamCountry "GER"]

1. e4 c6 2. d4 d5 3. exd5 cxd5 4. c4 Nf6 5. Nc3 g6 6. Nf3 Bg7 7. Be2 0-0 8. 0-0 dxc4 9. Bxc4 Nc6 10. Be3 Bg4 11. Be2 Rc8 12. h3 Bf5 13. Rc1 a6 14. Qa4 Qa5 15. Qxa5 Nxa5 16. Ne5 Be4 17. Nxe4 Nxe4 18. Bf3 Nd6 19. Nd7 Rfd8 20. Nc5 e5 21. dxe5 Bxe5 22. b4 Nac4 23. Nxb7 Nxb7 24. Bxb7 Rb8 25. Rxc4 Rxb7 26. Rfc1 Kg7 27. a4 h5 28. Rb1 Rd3 29. Kf1 Ra3 30. b5 axb5 31. axb5 Ra2 32. b6 Ra6 33. Rbb4 Bf6 34. Ra4 Rxa4 35. Rxa4 Bd8 36. Bd4+ Kh6 37. Ra7 Rb8 38. b7 Bc7 39. h4 g5 40. hxg5+ Kxg5 41. Be3+ Kg6 42. g3 f6 43. Ke2 Kf5 44. Kd3 Kg4 45. Kc4 Kf3 46. Bd4 f5 47. Kc5 f4 48. gxf4 Bxf4 49. Kc6 h4 50. Ra3+ Kg2 51. Be3 Be5 52. f4 Bd6 53. Kxd6 Rxb7 54. f5 h3 55. Bf4 1-0

[Event "Muensterland Verbandsklasse-B 1011"]
[Site "Germany"]
[Date "2010.09.18"]
[Round "1.4"]
[White "Overesch, Dieter"]
[Black "Darwisch, Mohamed"]
[Result "0-1"]
[WhiteElo "1768"]
[BlackElo "1800"]
[PlyCount "74"]
[EventDate "2010.09.18"]
[EventType "team-tourn"]
[EventRounds "9"]
[EventCountry "GER"]
[SourceTitle "EXT 2012"]
[Source "ChessBase"]
[SourceDate "2011.11.24"]
[SourceVersion "1"]
[SourceVersionDate "2011.11.24"]
[SourceQuality "1"]
[WhiteTeam "Nordwalde"]
[BlackTeam "Ahaus Wessum"]
[WhiteTeamCountry "GER"]
[BlackTeamCountry "GER"]

1. d4 Nf6 2. Nf3 e6 3. Bg5 c5 4. Bxf6 Qxf6 5. e3 cxd4 6. exd4 Nc6 7. c3 d5 8. Bd3 Bd6 9. Qe2 Bd7 10. 0-0 h5 11. Re1 g5 12. Ne5 g4 13. Nd2 Rg8 14. f4 Qxf4 15. Rf1 Nxd4 16. Rxf4 Nxe2+ 17. Bxe2 Bxe5 18. Rff1 Bd6 19. Nb3 Ke7 20. Rad1 Ba4 21. Rfe1 f5 22. Bd3 Bxb3 23. axb3 Kf6 24. b4 a5 25. bxa5 Rxa5 26. Re2 h4 27. c4 Bc5+ 28. Kf1 d4 29. Rde1 Ra6 30. Re5 Rc6 31. Kg1 Bb4 32. R1e2 g3 33. Rb5 gxh2+ 34. Kxh2 Bd6+ 35. Kh1 Ra6 36. Re1 b6 37. b4 h3 0-1

[Event "Muensterland Verbandsklasse-B 0809"]
[Site "Germany"]
[Date "2009.05.02"]
[Round "9.5"]
[White "Langendijk, Andre"]
[Black "Overesch, Dieter"]
[Result "1/2-1/2"]
[WhiteElo "1925"]
[BlackElo "1833"]
[PlyCount "205"]
[EventDate "2008.09.13"]
[EventType "team-tourn"]
[EventRounds "9"]
[EventCountry "GER"]
[SourceTitle "EXT 2010"]
[Source "ChessBase"]
[SourceDate "2010.11.25"]
[SourceVersion "1"]
[SourceVersionDate "2010.11.25"]
[SourceQuality "1"]
[WhiteTeam "Gronau"]
[BlackTeam "Nordwalde"]
[WhiteTeamCountry "GER"]
[BlackTeamCountry "GER"]

1. d4 Nf6 2. Bg5 d5 3. Bxf6 exf6 4. e3 Bd6 5. c4 dxc4 6. Bxc4 c6 7. Ne2 Qe7 8. Nd2 f5 9. 0-0 0-0 10. Qc2 g6 11. a3 a5 12. Rfe1 Nd7 13. g3 Nf6 14. Rad1 Bc7 15. Nc3 Rd8 16. Nf3 Be6 17. Bf1 Bd5 18. Nxd5 Nxd5 19. Bg2 Kg7 20. Re2 Nf6 21. Qb3 Rab8 22. Red2 Re8 23. Nh4 Ne4 24. Rd3 Qf6 25. Qc2 Qe7 26. Bh3 Kg8 27. Nf3 Red8 28. Bf1 Kg7 29. Nd2 Nf6 30. Bg2 Re8 31. Nb3 Red8 32. Bf3 Nd5 33. Rc1 Nf6 34. Qd2 Ra8 35. Qe1 a4 36. Nd2 Ba5 37. Qd1 Ne4 38. Nb1 Nf6 39. Rc4 Ne4 40. Kf1 Rd6 41. Rxa4 b5 42. Rxa5 Rxa5 43. Nd2 Ra7 44. Nb3 Rad7 45. Qc2 Qe6 46. Rd1 Rb7 47. Nc5 Nxc5 48. Qxc5 Rbd7 49. Rc1 Qb3 50. Bxc6 Rd8 51. Qxb5 Qe6 52. Bf3 Rb6 53. Qa5 Rdb8 54. d5 Qe5 55. Qc3 Kf6 56. b4 g5 57. Qxe5+ Kxe5 58. Rc7 Ra6 59. Rxf7 Rxa3 60. Re7+ Kf6 61. Re6+ Kf7 62. Bh5+ Kg7 63. d6 Rd3 64. Be8 Rxb4 65. d7 Rb2 66. e4 fxe4 67. Rxe4 Rdd2 68. Re7+ Kh6 69. Rf7 Rb1+ 70. Kg2 Rbd1 71. Rf5 Rxd7 72. Bxd7 Rxd7 73. g4 Kg6 74. h4 gxh4 75. Kh3 Rd1 76. Kxh4 Rh1+ 77. Kg3 Ra1 78. Rb5 Ra4 79. Rb6+ Kg7 80. f4 Ra5 81. f5 Ra4 82. Kh4 Ra7 83. g5 Ra1 84. Rb7+ Kg8 85. Kg4 Rg1+ 86. Kf4 Re1 87. Rb6 Re2 88. Re6 Rg2 89. Ke5 Rxg5 90. Kf6 h6 91. Re2 Rg1 92. Rh2 Ra1 93. Rxh6 Ra6+ 94. Kg5 Rxh6 95. Kxh6 Kf7 96. Kg5 Kg7 97. Kf4 Kf6 98. Ke4 Kf7 99. Ke5 Ke7 100. f6+ Kf8 101. Ke6 Ke8 102. f7+ Kf8 103. Kf6 1/2-1/2

[Event "Steinfurt CupT"]
[Site "Germany"]
[Date "2008.10.26"]
[Round "2"]
[White "Kaisel, Rene"]
[Black "Overesch, Dieter"]
[Result "1-0"]
[WhiteElo "1406"]
[BlackElo "1827"]
[PlyCount "71"]
[EventDate "2008.10.26"]
[EventType "team-tourn"]
[EventRounds "1"]
[EventCountry "GER"]
[SourceTitle "EXT 2010"]
[Source "ChessBase"]
[SourceDate "2010.11.25"]
[SourceVersion "1"]
[SourceVersionDate "2010.11.25"]
[SourceQuality "1"]
[WhiteTeam "Neuenkirchen"]
[BlackTeam "Nordwalde"]
[WhiteTeamCountry "GER"]
[BlackTeamCountry "GER"]

1. d4 d6 2. e4 Nf6 3. Nc3 g6 4. Nf3 Bg7 5. Be2 0-0 6. 0-0 c6 7. Bf4 Nbd7 8. Qd2 Ng4 9. h3 e5 10. Bg3 exd4 11. Nxd4 Nge5 12. f4 Bh6 13. Qd1 Qb6 14. Rb1 a6 15. Kh1 c5 16. fxe5 cxd4 17. Nd5 Qc5 18. b4 Qa7 19. exd6 Bg7 20. Bf2 a5 21. b5 Qc5 22. c4 Qxd6 23. Bxd4 Be5 24. Qd3 Nc5 25. Qe3 Ne6 26. Nf6+ Kg7 27. Bxe5 Qxe5 28. Ng4 Qg5 29. Qc3+ f6 30. Rf2 Qc5 31. Rbf1 Qd4 32. Qc1 Ng5 33. Nxf6 Nxe4 34. Nxe4 Qxe4 35. Rxf8 Bxh3 36. R1f7# 1-0

[Event "Muensterland Verbandsklasse-B 0809"]
[Site "Germany"]
[Date "2008.10.11"]
[Round "2.5"]
[White "Dittberner, Markus"]
[Black "Overesch, Dieter"]
[Result "1-0"]
[WhiteElo "1776"]
[BlackElo "1833"]
[PlyCount "85"]
[EventDate "2008.09.13"]
[EventType "team-tourn"]
[EventRounds "9"]
[EventCountry "GER"]
[SourceTitle "EXT 2010"]
[Source "ChessBase"]
[SourceDate "2010.11.25"]
[SourceVersion "1"]
[SourceVersionDate "2010.11.25"]
[SourceQuality "1"]
[WhiteTeam "Muenster Indische Dame"]
[BlackTeam "Nordwalde"]
[WhiteTeamCountry "GER"]
[BlackTeamCountry "GER"]

1. d4 Nf6 2. c4 d6 3. Nc3 Nbd7 4. e4 e5 5. Nf3 Be7 6. Bd3 0-0 7. 0-0 c6 8. b4 Re8 9. Rb1 Qc7 10. Bg5 h6 11. Bd2 exd4 12. Nxd4 Ne5 13. Be2 Bf8 14. h3 Ng6 15. Qc2 a6 16. a4 d5 17. exd5 cxd5 18. c5 Nf4 19. Bf3 Qe5 20. Be3 a5 21. Bxf4 Qxf4 22. Nce2 Qg5 23. Qc1 axb4 24. Rxb4 Ra5 25. Nb3 Ra7 26. a5 Ne4 27. Ned4 Qg6 28. Rb6 Qg5 29. Nb5 Ra6 30. Qxg5 hxg5 31. Nc7 Rxb6 32. cxb6 Rd8 33. Rd1 Nc3 34. Rd3 d4 35. Rxd4 Rxd4 36. Nxd4 Bb4 37. Nb3 f5 38. a6 bxa6 39. b7 Bxb7 40. Bxb7 a5 41. Nd5 a4 42. Nxb4 axb3 43. Nd3 1-0

[Event "Muensterland Verbandsliga 0708"]
[Site "Germany"]
[Date "2008.04.05"]
[Round "8.5"]
[White "Junker, Axel"]
[Black "Overesch, Dieter"]
[Result "1/2-1/2"]
[WhiteElo "1840"]
[BlackElo "1814"]
[PlyCount "45"]
[EventDate "2007.09.08"]
[EventType "team"]
[EventRounds "9"]
[EventCountry "GER"]
[SourceTitle "EXT 2009"]
[Source "ChessBase"]
[SourceDate "2008.11.26"]
[SourceVersion "1"]
[SourceVersionDate "2008.11.26"]
[SourceQuality "1"]
[WhiteTeam "Telgte"]
[BlackTeam "Nordwalde"]
[WhiteTeamCountry "GER"]
[BlackTeamCountry "GER"]

1. c4 Nf6 2. Nc3 d6 3. Nf3 e5 4. g3 Be7 5. Bg2 0-0 6. d3 Nbd7 7. 0-0 c6 8. b4 d5 9. Qb3 dxc4 10. dxc4 Qc7 11. a4 a5 12. b5 Bc5 13. Ba3 Re8 14. Ng5 Bd4 15. Rac1 Nc5 16. Bxc5 Bxc5 17. Nce4 Nxe4 18. Nxe4 Qe7 19. Rfd1 Bg4 20. Nxc5 Qxc5 21. Rd2 Be6 22. Qc3 f6 23. e3 1/2-1/2

[Event "Muensterland Verbandsliga 0708"]
[Site "Germany"]
[Date "2007.09.08"]
[Round "1.5"]
[White "Doennebrink, Elmar"]
[Black "Overesch, Dieter"]
[Result "1/2-1/2"]
[WhiteElo "2160"]
[BlackElo "1814"]
[PlyCount "92"]
[EventDate "2007.09.08"]
[EventType "team"]
[EventRounds "9"]
[EventCountry "GER"]
[SourceTitle "EXT 2009"]
[Source "ChessBase"]
[SourceDate "2008.11.26"]
[SourceVersion "1"]
[SourceVersionDate "2008.11.26"]
[SourceQuality "1"]
[WhiteTeam "Suedlohn"]
[BlackTeam "Nordwalde"]
[WhiteTeamCountry "GER"]
[BlackTeamCountry "GER"]

1. e4 c5 2. Nf3 e6 3. d4 cxd4 4. Nxd4 a6 5. c4 Nf6 6. Bd3 Nc6 7. Nxc6 dxc6 8. 0-0 e5 9. Bg5 Bc5 10. Qc2 0-0 11. Nd2 Be7 12. Nf3 Nd7 13. Be3 Bc5 14. Rfe1 Qe7 15. Bf1 Bxe3 16. Rxe3 a5 17. Qc3 Re8 18. Rd1 h6 19. Ne1 Nc5 20. Nd3 Rd8 21. Ree1 Nxd3 22. Rxd3 Rxd3 23. Qxd3 Be6 24. Rd1 Qb4 25. Qc2 Qc5 26. Qc3 b5 27. cxb5 Qxc3 28. bxc3 cxb5 29. Bxb5 Bxa2 30. Ra1 Bb3 31. Ba4 Bc4 32. h3 Rd8 33. Bc6 Rc8 34. Bd5 Bxd5 35. exd5 Rxc3 36. Rxa5 Rd3 37. Ra8+ Kh7 38. Rd8 e4 39. Kf1 f5 40. Ke2 Kg6 41. Rd7 Kf6 42. f3 g5 43. fxe4 fxe4 44. Rd6+ Ke5 45. Re6+ Kxd5 46. Rxh6 Ke5 1/2-1/2